Dom Antonio José da Silva, der verfasser der sogenannten "Opern des Juden" (Operas do judeu) / (Record no. 167963)

MARC details
000 -LEADER
campo de control de longitud fija 00762nam a22001935i 4500
001 - NÚMERO DE CONTROL
campo de control 167963
003 - IDENTIFICADOR DE NÚMERO DE CONTROL
campo de control ES-MaACL
005 - FECHA Y HORA DE LA ÚLTIMA TRANSACCIÓN
campo de control 20250626063215.0
008 - DATOS DE LONGITUD FIJA--INFORMACIÓN GENERAL
campo de control de longitud fija 050930s1860 au | |||||||| ||ger d
040 ## - FUENTE DE CATALOGACIÓN
Centro catalogador/agencia de origen CAM
Lengua de catalogación spa
Centro/agencia transcriptor CAM
100 1# - ENTRADA PRINCIPAL--NOMBRE DE PERSONA
Nombre de persona Wolf, Ferdinand Joseph,
Fechas asociadas al nombre 1796-1866
9 (RLIN) 133954
245 10 - MENCIÓN DEL TÍTULO
Título Dom Antonio José da Silva, der verfasser der sogenannten "Opern des Juden" (Operas do judeu) /
Mención de responsabilidad, etc. von Ferdinand Wolf.
260 ## - PUBLICACIÓN, DISTRIBUCIÓN, ETC.
Lugar de publicación, distribución, etc. Wien :
Nombre del editor, distribuidor, etc. Aud der K.K. Hof,
Fecha de publicación, distribución, etc. 1860.
300 ## - DESCRIPCIÓN FÍSICA
Extensión 32, [2] p. ;
Dimensiones 23 cm.
597 ## - NOTA DE DESCRIPCIÓN FÍSICA
NOTA DE DESCRIPCIÓN FÍSICA Lleva otra pág.: 249-278.
600 14 - PUNTO DE ACCESO ADICIONAL DE MATERIA--NOMBRE DE PERSONA
Nombre de persona Silva, Antonio José da-
Subdivisión general Crítica e interpretación.
9 (RLIN) 132737
852 ## - LOCALIZACIÓN
Ubicación ES-MaACL
Número de control de estantería T-245-F-5
Nota libre -- Enc. hol., falto de la cub. original
-- -- Enc. en un vol. facticio
Holdings
Estatus retirado Estado de pérdida Estado de daño No para préstamo Colección Biblioteca de origen Biblioteca actual Ubicación en estantería Fecha de adquisición Total de préstamos Signatura topográfica completa Código de barras Visto por última vez Precio de reemplazo Tipo de ítem Koha
        Colección de folletos Biblioteca del Ateneo de Madrid Biblioteca del Ateneo de Madrid Depósito folletos 17/01/2008   T-245-F-5 1176212 23/02/2023 23/02/2023 Folleto